Studies in the Formation of the Nation-State in Latin America /

Gardado en:
Detalles Bibliográficos
Autor Principal: Dunkerley, James (ed.)
Formato: Libro
Idioma:inglés
Publicado: Londres, Inglaterra : University of London, Institute of Latin American Studies, 2002, c2002
Temas:
Etiquetas: Engadir etiqueta

MARC

LEADER 00000nam^a2200000^a^4500
001 000149602
005 20250521000000.0
009 20260310100108.093
037 |a Acervo ITESO - Biblioteca 
041 |a ING 
082 |a 980. 03  |b DUN 
100 |a Dunkerley, James  |e (ed.) 
245 1 0 |a Studies in the Formation of the Nation-State in Latin America /  |c Ed. J. Dunkerley. 
264 4 |a Londres, Inglaterra :  |b University of London, Institute of Latin American Studies,  |c 2002, c2002 
300 |a VIII, 298 p. 
336 |a texto  |b txt  |2 rdacontenido 
337 |a sin mediación  |b n  |2 rdamedio 
338 |a volumen  |b nc  |2 rdasoporte 
649 |a XX 
650 |a Nación -  |z Latinoamérica -  |x Historia -  |y Siglo XIX 
650 |a Nacionalismo -  |z Latinoamérica -  |x Historia -  |y Siglo XIX 
650 |a Diversidad Cultural -  |z Latinoamérica -  |x Historia -  |y Siglo XIX 
650 |a Diferencia y Otredad -  |z Latinoamérica -  |x Historia -  |y Siglo XIX 
650 |a Integración Social -  |z Latinoamérica -  |x Historia -  |y Siglo XIX 
650 |a Identidad Nacional -  |z Latinoamérica -  |x Historia -  |y Siglo XIX 
650 |a Identidad Cultural -  |z Latinoamérica -  |x Historia -  |y Siglo XIX 
650 |a Percepción Social -  |z Latinoamérica -  |x Historia -  |y Siglo XIX 
650 |a Memoria Social -  |z Latinoamérica -  |x Historia -  |y Siglo XIX 
650 |a Liberalismo -  |z Latinoamérica -  |x Historia -  |y Siglo XIX 
650 |a Poder (Ciencias Sociales) -  |z Latinoamérica -  |x Historia -  |y Siglo XIX 
650 |a Guerra y Paz -  |z Latinoamérica -  |x Historia -  |y Siglo XIX 
650 |a Conflicto Social -  |z Latinoamérica -  |x Historia -  |y Siglo XIX 
650 |a Proteccionismo -  |z Latinoamérica -  |x Historia -  |y Siglo XIX 
650 |a Geografía Humana -  |z Latinoamérica -  |x Historia -  |y Siglo XIX 
650 |a Asistencia Social -  |z Latinoamérica -  |x Historia -  |y Siglo XIX 
650 |a Política Económica -  |z Latinoamérica -  |x Historia -  |y Siglo XIX 
650 |a Soberanía-  |z Latinoamérica -  |x Historia -  |y Siglo XIX 
650 |a Gobernabilidad -  |z Latinoamérica -  |x Historia -  |y Siglo XIX 
650 |a Política -  |z Latinoamérica -  |x Historia -  |y Siglo XIX 
650 |a Latinoamérica -  |x Condiciones Sociales y Culturales 
650 |a Latinoamérica -  |x Condiciones Políticas 
910 |a Fondo General 
920 |a Impresos - Libros 
930 |a Colección General 
905 |a 101 
901 |a 0500079329  |b IT1  |c ACC  |u 20250521 
902 |a https://opac.biblio.iteso.mx/vufind/Record/000149602